Prix Nobel Français - Statistiques

Statistiques générales
  • Ce quiz a été pris 36 fois
  • Le résultat moyen est 17 sur 73
Statistiques - réponses
Discipline Hint Réponse % Correct
Physique 1903 Marie Curie
82%
Chimie 1911 Marie Curie
82%
Physique 1903 Pierre Curie
82%
Chimie 1935 Frédéric Joliot-Curie
73%
Chimie 1935 Irène Joliot-Curie
73%
Littérature 1964 Jean-Paul Sartre
68%
Littérature 1957 Albert Camus
64%
Littérature 2022 Annie Ernaux
50%
Littérature 2014 Patrick Modiano
50%
Economie 2019 Esther Duflo
45%
Economie 2025 Philippe Aghion
45%
Littérature 1921 Anatole France
41%
Littérature 2008 J. M. G. Le Clézio
36%
Littérature 1901 Sully Prudhomme
36%
Littérature 1947 André Gide
32%
Paix 1926 Aristide Briand
32%
Littérature 1904 Frédéric Mistral
32%
Physiologie/médecine 2008 Françoise Barré-Sinoussi
27%
Physique 1903 Henri Becquerel
27%
Littérature 1927 Henri Bergson
27%
Economie 2014 Jean Tirole
27%
Physiologie/médecine 2008 Luc Montagnier
27%
Paix 1999 Médecins sans frontières
27%
Physique 2022 Alain Aspect
23%
Physique 2023 Anne L'Huillier
23%
Littérature 1985 Claude Simon
23%
Chimie 2020 Emmanuelle Charpentier
23%
Littérature 1952 François Mauriac
23%
Economie 1988 Maurice Allais
23%
Physique 1991 Pierre-Gilles de Gennes
23%
Paix 1968 René Cassin
23%
Littérature 1960 Saint-John Perse
23%
Physique 1997 Claude Cohen-Tannoudji
18%
Littérature 2000 Gao Xingjian
18%
Physiologie/médecine 1965 Jacques Monod
18%
Physique 1929 Louis de Broglie
18%
Paix 1907 Louis Renault
18%
Chimie 1912 Paul Sabatier
14%
Economie 1983 Gérard Debreu
14%
Chimie 2016 Jean-Pierre Sauvage
14%
Paix 1920 Léon Bourgeois
14%
Paix 1951 Léon Jouhaux
14%
Physique 1970 Louis Néel
14%
Physique 2025 Michel Devoret
14%
Littérature 1937 Roger Martin du Gard
14%
Littérature 1915 Romain Rolland
14%
Paix 1952 Albert Schweitzer
9%
Physiologie/médecine 1912 Alexis Carrel
9%
Physiologie/médecine 1907 Alphonse Laveran
9%
Physiologie/médecine 1965 André Lwoff
9%
Physiologie/médecine 1928 Charles Nicolle
9%
Physiologie/médecine 1913 Charles Richet
9%
Paix 1927 Ferdinand Buisson
9%
Physiologie/médecine 1965 François Jacob
9%
Paix 1901 Frédéric Passy
9%
Physique 1992 Georges Charpak
9%
Physiologie/médecine 2011 Jules Hoffmann
9%
Paix 1909 Paul Henri Balluet d'Estournelles de Constant
9%
Physique 2023 Pierre Agostini
9%
Physique 2007 Albert Fert
5%
Physique 1966 Alfred Kastler
5%
Physique 1908 Gabriel Lippmann
5%
Physique 2018 Gérard Mourou
5%
Chimie 1906 Henri Moissan
5%
Chimie 2023 Moungi G. Bawendi
5%
Physique 2012 Serge Haroche
5%
Chimie 1912 Victor Grignard
5%
Physiologie/médecine 1956 André Frédéric Cournand
0%
Physiologie/médecine 1980 Jean Dausset
0%
Chimie 1987 Jean-Marie Lehn
0%
Physique 1926 Jean Perrin
0%
Physiologie/médecine 1977 Roger Guillemin
0%
Chimie 2005 Yves Chauvin
0%
Aucun quiz correspondant
Distribution des résultats
% des personnes avec chaque résultat
Percentile par nombre de réponses
Votre historique - résultats
Vous n’avez pas pris ce quiz